| 000 | 00977nas a2200313 4500 | ||
|---|---|---|---|
| 001 | BR2013001852 | ||
| 003 | BR-BrBNA | ||
| 005 | 20231205122034.0 | ||
| 007 | ta | ||
| 008 | 230509b bl.|||p| |||| 00| 00por d | ||
| 040 |
_aBR-BrBNA _bpor _cBiblioteca Nacional de Agricultura |
||
| 041 | _a(En) | ||
| 072 | _aF01 | ||
| 100 | 1 | _aLoss, A. | |
| 100 | 1 | _aPereira, M.G. | |
| 100 | 1 | _aPerin, A. | |
| 100 | 1 | _aBeutler, S.J. | |
| 100 | 1 | _aAnjos, L.H.C. dos | |
| 245 | 1 | _aCarbon, nitrogen and natural abundance of alpha 13C e alpha 15N of light-fraction organic matter under no-tillage and crop-livestock integration systems | |
| 650 | _aPLANTIO DIRETO | ||
| 650 | _aCARBONO | ||
| 650 | _aNITROGÊNIO | ||
| 650 | _aMATÉRIA ORGÂNICA | ||
| 650 | _aSOLO | ||
| 650 | _aCERRADO | ||
| 773 | 0 |
_tActa Scientiarum. Agronomy (Brazil) _xISSN 1679-9275 _g(Oct-Dec 2012), v. 34(4) p. 465-472 _wBR2013001852 |
|
| 909 |
_a202311 _bLúcia _c55 _dLúcia Elande |
||
| 942 |
_2AGRIS _n0 _cANA |
||
| 999 |
_c226590 _d226590 |
||